000 00676nam a2200289Ia 4500
005 20260324115746.0
008 008 260324s9999 xx 000 0 eng d
020 _a9781315373201
037 _aEBOOK
040 _aCRL
040 _beng
040 _cCRL
041 _2eng
041 _aeng
084 _qCRL
100 _aRobert M. Koretsky; Syed Mansoor Sarwar
_91155900
245 0 _aUNIX
245 4 _bThe Textbook, Third Edition
260 _bTaylor and Francis
260 _c2016
365 _a
365 _b260
856 _uhttp://www.taylorfrancis.com/books/9781315373201
942 _cEBOOK
999 _c1747006
_d1747006